|
|
|
|
| LEADER |
01417nam a22003614a 4500 |
| 001 |
EBC201722 |
| 003 |
MiAaPQ |
| 005 |
20200520144314.0 |
| 006 |
m o d | |
| 007 |
cr cn||||||||| |
| 008 |
991214s2000 enk sbs 001 0 eng |
| 010 |
|
|
|z 99087065
|
| 020 |
|
|
|z 052177232X
|
| 020 |
|
|
|z 0521776066 (pbk.)
|
| 035 |
|
|
|a (MiAaPQ)EBC201722
|
| 035 |
|
|
|a (Au-PeEL)EBL201722
|
| 035 |
|
|
|a (CaPaEBR)ebr2000862
|
| 035 |
|
|
|a (CaONFJC)MIL43255
|
| 035 |
|
|
|a (OCoLC)51203069
|
| 040 |
|
|
|a MiAaPQ
|c MiAaPQ
|d MiAaPQ
|
| 050 |
|
4 |
|a HD7105.35.E85
|b B66 2000
|
| 082 |
0 |
4 |
|a 331.25/2/094
|2 21
|
| 100 |
1 |
|
|a Bonoli, Giuliano.
|
| 245 |
1 |
4 |
|a The politics of pension reform
|h [electronic resource] :
|b institutions and policy change in Western Europe /
|c Giuliano Bonoli.
|
| 260 |
|
|
|a Cambridge, UK ;
|a New York :
|b Cambridge University Press,
|c 2000.
|
| 300 |
|
|
|a x, 188 p.
|
| 504 |
|
|
|a Includes bibliographical references (p. 174-184) and index.
|
| 533 |
|
|
|a Electronic reproduction. Ann Arbor, MI : ProQuest, 2015. Available via World Wide Web. Access may be limited to ProQuest affiliated libraries.
|
| 650 |
|
0 |
|a Old age pensions
|x Government policy
|z Europe, Western
|v Case studies.
|
| 650 |
|
0 |
|a Social security
|z Europe, Western
|v Case studies.
|
| 655 |
|
4 |
|a Electronic books.
|
| 710 |
2 |
|
|a ProQuest (Firm)
|
| 856 |
4 |
0 |
|u https://ebookcentral.proquest.com/lib/matrademy/detail.action?docID=201722
|z Click to View
|